| 000 | 00506aam a2200181 4500 | ||
|---|---|---|---|
| 005 | 20190614141323.0 | ||
| 008 | 150326b xxu||||| |||| 00| 0 spa d | ||
| 041 | _aEspañol | ||
| 082 | _aCR 864.44 M538c | ||
| 100 |
_aMéndez Alfaro, Rafael Ángel _92454 |
||
| 245 | _aCanas: hombre de estado y empresario | ||
| 260 |
_aCosta Rica _bEUNED _c2012 |
||
| 300 | _a296 páginas | ||
| 650 |
_aENSAYO COSTARRICENSE _928179 |
||
| 650 |
_aLITERATURA COSTARRICENSE _9424 |
||
| 650 |
_aHISTORIA _943 |
||
| 942 | _cLIT | ||
| 999 |
_c3317 _d3317 |
||